|
|
|
|
| LEADER |
00710nam a2200205 a 4500 |
| 001 |
c000263551 |
| 003 |
CARM |
| 005 |
20070627114923.0 |
| 008 |
070627s1979 enk 000 1 eng d |
| 019 |
1 |
|
|a 50071689
|5 LACONCORD2021
|
| 020 |
|
|
|a 0330257781 (pbk.)
|
| 035 |
|
|
|a (OCoLC)16480131
|5 LACONCORD2021
|
| 040 |
|
|
|a VCAV
|b eng
|c VCAV
|
| 100 |
1 |
|
|a Thomas, Leslie,
|d 1931-
|
| 245 |
1 |
0 |
|a Ormerod's landing /
|c Leslie Thomas.
|
| 260 |
|
|
|a London :
|b Pan,
|c 1979.
|
| 300 |
|
|
|a 237 p.
|
| 852 |
8 |
|
|b CARM
|h A1:AN04A0
|i A04373
|p 0380937
|f BK
|
| 999 |
f |
f |
|i 7c5877cd-681e-5010-ad61-511da97a7b9f
|s ca6c4f6d-5f51-53bd-b6b5-72c698c8095b
|
| 952 |
f |
f |
|p Can circulate
|a CAVAL
|b CAVAL
|c CAVAL
|d CARM 1 Store
|e A04373
|f A1:AN04A0
|h Other scheme
|i book
|m 0380937
|